[Event "FIDE Grand Prix Beijing"]
[Site "Beijing CHN"]
[Date "2013.07.06"]
[EventDate "2013.07.04"]
[Round "3"]
[Result "0-1"]
[White "Boris Gelfand"]
[Black "Anish Giri"]
[WhiteElo "2773"]
[BlackElo "2734"]
[PlyCount "74"]

1. d4 d6 2. Nf3 g6 3. c4 f5 4. Nc3 Nf6 5. g3 Bg7 6. Bg2 O-O
7. O-O c6 8. b3 Qa5 9. Bb2 e5 10. Qd2 Qc7 11. d5 e4 12. Nd4
Qe7 13. dxc6 bxc6 14. Rad1 Rd8 15. Nc2 d5 16. f3 Rd7 17. cxd5
cxd5 18. Nb5 Nc6 19. Rc1 Bb7 20. Ncd4 Nxd4 21. Bxd4 a6 22. Nc3
Rc8 23. Na4 Rdc7 24. Rxc7 Rxc7 25. Rc1 Ne8 26. Rxc7 Bxd4+
27. Qxd4 Nxc7 28. Qb6 Ne6 29. fxe4 dxe4 30. e3 Qd7 31. Bf1 Ng5
32. Bc4+ Kg7 33. Qd4+ Qxd4 34. exd4 Nf3+ 35. Kf2 Nxd4 36. Nc5
Bc6 37. Nxa6 Kf6 0-1

[Event "FIDE Grand Prix Beijing"]
[Site "Beijing CHN"]
[Date "2013.07.15"]
[EventDate "2013.07.04"]
[Round "10"]
[Result "1-0"]
[White "Anish Giri"]
[Black "Veselin Topalov"]
[WhiteElo "2734"]
[BlackElo "2767"]
[PlyCount "45"]

1. e4 c6 2. d4 d5 3. e5 Bf5 4. Nf3 e6 5. Be2 Bg6 6. O-O Nh6
7. c3 Be7 8. Bxh6 gxh6 9. g3 O-O 10. Nbd2 a5 11. Ne1 c5 12. h4
cxd4 13. h5 Be4 14. cxd4 Nc6 15. Bf3 Bf5 16. g4 Nxd4 17. gxf5
Kh8 18. f6 Bb4 19. Bg2 Rg8 20. Ndf3 Nc6 21. Nd3 Qb6 22. Kh1
Bc5 23. Qc1 1-0

[Event "European Club Cup"]
[Site "Rhodes GRE"]
[Date "2013.10.20"]
[EventDate "2013.10.20"]
[Round "1.5"]
[Result "1-0"]
[White "Anish Giri"]
[Black "Kristian Trygstad"]
[WhiteElo "2749"]
[BlackElo "2216"]
[PlyCount "87"]

1. d4 Nf6 2. g3 g6 3. Bg2 Bg7 4. Nf3 O-O 5. O-O d6 6. b3 c5
7. c4 Nc6 8. Bb2 Ne4 9. e3 Bg4 10. Qc1 Bxf3 11. Bxf3 Ng5
12. Bxc6 bxc6 13. dxc5 Bxb2 14. Qxb2 dxc5 15. Nc3 f6 16. h4
Ne6 17. Qc2 Qc7 18. Kg2 Rad8 19. Qe4 Kf7 20. Rfd1 Rxd1
21. Rxd1 Rd8 22. Rxd8 Nxd8 23. g4 Qd6 24. Qc2 Qd7 25. Qe2 h6
26. Ne4 Ne6 27. f4 Kg8 28. Kf1 f5 29. gxf5 gxf5 30. Nf2 Ng7
31. Nd3 Qd6 32. Ne5 Qf6 33. Qf2 Qd6 34. Ke2 Qc7 35. Qe1 Kh7
36. Qd2 Qb6 37. Kf3 Qb8 38. Kf2 Qf8 39. Kf1 Qf6 40. Qf2 Ne8
41. Qg2 Nd6 42. h5 a6 43. Ke2 a5 44. Kd3 1-0

[Event "European Club Cup"]
[Site "Rhodes GRE"]
[Date "2013.10.21"]
[EventDate "2013.10.20"]
[Round "2.5"]
[Result "0-1"]
[White "Philip Lindgren"]
[Black "Anish Giri"]
[WhiteElo "2278"]
[BlackElo "2749"]
[PlyCount "52"]

1. d4 e6 2. c4 Nf6 3. Nf3 c5 4. d5 d6 5. Nc3 exd5 6. cxd5 g6
7. Bf4 Bg7 8. Qa4+ Bd7 9. Qb3 b5 10. Bxd6 Qb6 11. Be5 O-O
12. e3 c4 13. Qd1 b4 14. Nb1 Rc8 15. a3 c3 16. bxc3 b3 17. c4
Ba4 18. Bd3 Nbd7 19. Bb2 Nxd5 20. Qd2 Bxb2 21. Qxb2 Nxe3
22. fxe3 Qxe3+ 23. Be2 Rxc4 24. Nbd2 Nc5 25. Kf1 Rc2 26. Qf6
Ne4 0-1

[Event "SportAccord World Mind Games (Men, Basque)"]
[Site "Beijing CHN"]
[Date "2013.12.17"]
[EventDate "2013.12.17"]
[Round "2.2"]
[Result "1-0"]
[White "Anish Giri"]
[Black "Peter Leko"]
[WhiteElo "2734"]
[BlackElo "2730"]
[PlyCount "175"]

1. e4 e5 2. Nf3 Nc6 3. Bb5 Nf6 4. d3 Bc5 5. Bxc6 dxc6 6. Nbd2
O-O 7. Nc4 Nd7 8. O-O Re8 9. Be3 f6 10. Kh1 Be7 11. Ng1 Nf8
12. Ne2 Be6 13. b3 Qd7 14. f4 exf4 15. Nxf4 Bf7 16. Qf3 a5
17. Nh5 Ng6 18. Bd2 Bxc4 19. bxc4 Ne5 20. Qf2 b5 21. cxb5 cxb5
22. Bc3 Bb4 23. Bb2 Qf7 24. Qh4 Bd6 25. Bc1 b4 26. Be3 a4
27. g4 Ng6 28. Qf2 Be5 29. Bd4 Qe6 30. Rg1 Rad8 31. Bxe5 Qxe5
32. Rab1 c5 33. Qf5 Qc3 34. Qf2 c4 35. Qa7 Re7 36. Qa5 Rc8
37. Rxb4 cxd3 38. cxd3 Qxd3 39. Qf5 Rd8 40. Rxa4 Qc2 41. Ra8
Rxa8 42. Qd5+ Kf8 43. Qxa8+ Re8 44. Qa3+ Kg8 45. Ng3 Ne5
46. Rc1 Qf2 47. Qb3+ Kh8 48. Rf1 Qa7 49. Nf5 Rb8 50. Qg3 h6
51. Qg2 Qa3 52. Qc2 Qh3 53. Ng3 Nxg4 54. Qe2 Ra8 55. Rc1 Ne5
56. Rc2 Ra3 57. Qg2 Qg4 58. Rd2 Ra4 59. Qf2 Ra8 60. Qf5 Qh4
61. Rc2 Ng4 62. Rc8+ Rxc8 63. Qxc8+ Kh7 64. Qf5+ Kg8 65. Qc8+
Kh7 66. Qf5+ Kg8 67. Qd5+ Kh8 68. Qd2 Ne5 69. a4 Qg4 70. Qe2
Qe6 71. a5 g6 72. a6 Qb6 73. Kg2 h5 74. Nf1 Kg7 75. Ne3 Qd4
76. Nd5 f5 77. a7 Qxa7 78. Qb2 fxe4 79. Qxe5+ Kh7 80. Nf6+ Kh6
81. Ng8+ Kh7 82. Nf6+ Kh6 83. Nxe4 Qa2+ 84. Kh3 Qb3+ 85. Kh4
Qg8 86. Qf4+ Kg7 87. Qc7+ Kh6 88. Ng5 1-0

[Event "Biel"]
[Site "Biel SUI"]
[Date "2014.07.16"]
[EventDate "2014.07.14"]
[Round "3.1"]
[Result "1-0"]
[White "Anish Giri"]
[Black "Radoslaw Wojtaszek"]
[WhiteElo "2750"]
[BlackElo "2733"]
[PlyCount "167"]

1. e4 c5 2. Nf3 d6 3. d4 cxd4 4. Nxd4 Nf6 5. Nc3 a6 6. h3 e5
7. Nde2 h5 8. g3 Be6 9. Bg2 b5 10. O-O Nbd7 11. Be3 Nb6 12. b3
Be7 13. Qd2 Qc7 14. a4 bxa4 15. Nxa4 Nxa4 16. Rxa4 O-O
17. Rfa1 Rfc8 18. c4 Rcb8 19. R4a3 Nd7 20. Nc3 Qc8 21. Qd1 Nf6
22. Kh2 h4 23. gxh4 Nd7 24. h5 Nc5 25. Na4 Nxa4 26. Rxa4 Rb7
27. Rc1 Rab8 28. Rc3 Rb4 29. Rxb4 Rxb4 30. f4 Kh7 31. f5 Bd7
32. h6 g6 33. Qd5 Qe8 34. fxg6+ fxg6 35. Qd2 Be6 36. Rd3 Rb7
37. Qa5 Qc6 38. Qd2 Bf8 39. Bg5 Rf7 40. Qe1 Qb6 41. Be3 Qc7
42. Qg3 a5 43. Bd2 a4 44. bxa4 Qxc4 45. a5 Qa2 46. Qe3 d5
47. exd5 Bf5 48. Rb3 e4 49. Qc3 Bd6+ 50. Kh1 e3 51. Qxe3 Re7
52. Qc3 Be5 53. Ra3 Bxc3 54. Rxa2 Re2 55. a6 Bxd2 56. Bf3 Re1+
57. Kg2 Be3 58. a7 Bxa7 59. Rxa7+ Kxh6 60. h4 Re3 61. Kf2 Rd3
62. Rf7 Rd4 63. Kg3 Bc2 64. Rf4 Rd2 65. Rb4 Bd1 66. Be4 g5
67. Rb6+ Kh5 68. Bg6+ Kh6 69. Be4+ Kh5 70. hxg5 Kxg5 71. Rg6+
Kh5 72. Kf4 Rf2+ 73. Ke5 Re2 74. Rc6 Ba4 75. Rc8 Kh6 76. Rc7
Be8 77. Rh7+ Kg5 78. Rg7+ Kh6 79. Rg3 Re1 80. d6 Kh5 81. Kf4
Kh6 82. Rg8 Ba4 83. Rg6+ Kh5 84. Re6 1-0

[Event "Biel"]
[Site "Biel SUI"]
[Date "2014.07.17"]
[EventDate "2014.07.14"]
[Round "4"]
[Result "1-0"]
[White "Anish Giri"]
[Black "Alexander Motylev"]
[WhiteElo "2750"]
[BlackElo "2698"]
[PlyCount "105"]

1. d4 d5 2. c4 c6 3. Nf3 Nf6 4. e3 Bf5 5. Nc3 e6 6. Nh4 Bg6
7. Qb3 Qc7 8. Nxg6 hxg6 9. g3 Nbd7 10. Bg2 Be7 11. O-O O-O
12. cxd5 exd5 13. f3 b5 14. Ne2 Qb6 15. Kh1 c5 16. Qd1 Rfe8
17. g4 Rad8 18. Bd2 g5 19. a4 b4 20. a5 Qb8 21. dxc5 Bxc5
22. Nd4 Ne5 23. b3 Rc8 24. Ra2 Nc6 25. Rc2 Nxa5 26. Qb1 Bb6
27. Rxc8 Rxc8 28. Nf5 Bc5 29. Qb2 Bf8 30. e4 dxe4 31. Bxg5
exf3 32. Bxf3 Qb5 33. Rd1 Rd8 34. Rg1 Rd3 35. Qe2 Nh7 36. Nd4
Qd7 37. Qxd3 Nxg5 38. Rd1 Bc5 39. Nc6 Qxd3 40. Rxd3 Nxc6
41. Bxc6 Ne6 42. Rd7 Bb6 43. Bd5 Nd8 44. Re7 Kf8 45. Re4 a5
46. Kg2 g5 47. Kf3 f6 48. h3 Bc7 49. Rc4 Bb6 50. Re4 Bc7
51. Re2 Be5 52. Ra2 Bc7 53. Rc2 1-0

[Event "Chess Olympiad"]
[Site "Tromso NOR"]
[Date "2014.08.02"]
[EventDate "2014.08.02"]
[Round "1.11"]
[Result "0-1"]
[White "Oscar de la Riva Aguado"]
[Black "Anish Giri"]
[WhiteElo "2523"]
[BlackElo "2745"]
[PlyCount "52"]

1. e4 c5 2. Nf3 Nc6 3. Bb5 g6 4. O-O Bg7 5. Re1 Nf6 6. c3 O-O
7. h3 Qb6 8. Ba4 Rd8 9. Bb3 d5 10. e5 Ne4 11. d3 c4 12. Be3
Qc7 13. Bd4 cxb3 14. axb3 f6 15. dxe4 dxe4 16. Nfd2 f5 17. f3
Nxd4 18. cxd4 Rxd4 19. fxe4 fxe4 20. Rxe4 Qb6 21. Kh1 Bf5
22. Rxd4 Qxd4 23. Nc3 Bxe5 24. Ra4 Qd3 25. Qe1 Bg3 26. Qe2 Rd8
0-1

[Event "Chess Olympiad"]
[Site "Tromso NOR"]
[Date "2014.08.03"]
[EventDate "2014.08.02"]
[Round "2.12"]
[Result "1-0"]
[White "Anish Giri"]
[Black "Carlos Matamoros Franco"]
[WhiteElo "2745"]
[BlackElo "2525"]
[PlyCount "101"]

1. d4 Nf6 2. c4 g6 3. f3 c5 4. dxc5 Qa5+ 5. Nc3 Qxc5 6. e4 d6
7. Na4 Qh5 8. Ne2 Bh6 9. Nf4 Qe5 10. Nd3 Qh5 11. Nf4 Qe5
12. Nd5 Bxc1 13. Rxc1 Nxd5 14. cxd5 O-O 15. Be2 Bd7 16. Nc3
Na6 17. O-O g5 18. Qd2 Kh8 19. Rfe1 Rfc8 20. Bxa6 bxa6 21. Ne2
a5 22. Rxc8+ Rxc8 23. Rc1 Rxc1+ 24. Qxc1 h6 25. Qd2 Kg7
26. Nc3 f5 27. exf5 Bxf5 28. g3 Bg6 29. Kf2 Kf6 30. a3 Bf7
31. h4 Bg6 32. hxg5+ hxg5 33. Nd1 Bf7 34. Ne3 Kg6 35. Qc2+ Kg7
36. Qc3 Qf6 37. f4 gxf4 38. gxf4 Kg6 39. Kf3 Kg7 40. Nf5+ Kg6
41. Ne3 e6 42. dxe6 Bxe6 43. Qxf6+ Kxf6 44. Ke4 Bg8 45. Nd5+
Kf7 46. f5 Kg7 47. Ne7 Ba2 48. Nc8 Bb1+ 49. Kd5 Bxf5 50. Nxa7
Kf6 51. Kxd6 1-0

[Event "Chess Olympiad"]
[Site "Tromso NOR"]
[Date "2014.08.10"]
[EventDate "2014.08.02"]
[Round "8.9"]
[Result "1-0"]
[White "Anish Giri"]
[Black "Alexandr Hilario Takeda dos Santos Fier"]
[WhiteElo "2745"]
[BlackElo "2570"]
[PlyCount "63"]

1. e4 e6 2. d4 d5 3. Nc3 Nf6 4. e5 Nfd7 5. f4 c5 6. Nf3 Nc6
7. Be3 a6 8. Qd2 b5 9. dxc5 Bxc5 10. Bd3 Qb6 11. Bf2 Bb7
12. O-O Bxf2+ 13. Qxf2 Qxf2+ 14. Rxf2 Nc5 15. a3 Ke7 16. Ne2
Na4 17. b3 Nc5 18. Ned4 g6 19. Re2 Rac8 20. Kf2 Ne4+ 21. Ke3
Nxd4 22. Nxd4 Rc3 23. Ree1 h5 24. b4 Bc8 25. a4 Bd7 26. axb5
axb5 27. Ra7 Rb8 28. Rea1 Rb6 29. R1a5 Kd8 30. Ra8+ Ke7
31. R5a7 g5 32. f5 1-0

[Event "Chess Olympiad"]
[Site "Tromso NOR"]
[Date "2014.08.14"]
[EventDate "2014.08.02"]
[Round "11.13"]
[Result "0-1"]
[White "Axel Bachmann Schiavo"]
[Black "Anish Giri"]
[WhiteElo "2644"]
[BlackElo "2745"]
[PlyCount "68"]

1. c4 Nf6 2. Nf3 g6 3. Nc3 Bg7 4. d4 O-O 5. e4 d6 6. h3 e5
7. d5 Nh5 8. g3 Na6 9. Be2 f5 10. exf5 gxf5 11. Bg5 Nf6
12. Nd2 Qe8 13. Nb3 Qg6 14. Qd2 Nb4 15. f4 h6 16. Bh4 exf4
17. gxf4 Qg2 18. O-O-O Ne4 19. Nxe4 Qxe4 20. Rdg1 Nxa2+
21. Kd1 Qb1+ 22. Nc1 Bd7 23. Bd3 Ba4+ 24. b3 Qxc1+ 25. Qxc1
Bxb3+ 26. Qc2 Bxc2+ 27. Bxc2 Nc3+ 28. Kd2 Ne4+ 29. Bxe4 fxe4
30. Ke3 Kh7 31. Kxe4 a5 32. Rg2 a4 33. Rb1 a3 34. Ra2 Ra4 0-1

[Event "Qatar Masters"]
[Site "Doha QAT"]
[Date "2014.11.26"]
[EventDate "2014.11.26"]
[Round "1.1"]
[Result "1-0"]
[White "Anish Giri"]
[Black "Mikhail Antipov"]
[WhiteElo "2776"]
[BlackElo "2520"]
[PlyCount "73"]

1. Nf3 Nf6 2. c4 e6 3. Nc3 d5 4. d4 Be7 5. Bf4 O-O 6. e3 Nbd7
7. cxd5 Nxd5 8. Nxd5 exd5 9. Bd3 Bb4+ 10. Nd2 c5 11. a3 Bxd2+
12. Qxd2 cxd4 13. exd4 Re8+ 14. Be3 Nf6 15. f3 Qb6 16. O-O Bd7
17. a4 a5 18. Rfc1 Rec8 19. Rc5 Qe6 20. Bf2 b6 21. Rxc8+ Rxc8
22. b3 Qc6 23. Be1 Ne8 24. Ba6 Rc7 25. Bd3 Qf6 26. Bf2 Qc6
27. Re1 Qc3 28. Qe3 Rc8 29. g4 g6 30. Qe7 Be6 31. Ba6 Rb8
32. Rxe6 fxe6 33. Qxe6+ Kf8 34. Qxd5 Qc7 35. Bc4 Nf6 36. Qg5
Qe7 37. Qf4 1-0

[Event "Qatar Masters"]
[Site "Doha QAT"]
[Date "2014.11.27"]
[EventDate "2014.11.26"]
[Round "2.1"]
[Result "0-1"]
[White "Aleksander Mista"]
[Black "Anish Giri"]
[WhiteElo "2616"]
[BlackElo "2776"]
[PlyCount "76"]

1. e4 e5 2. Nf3 Nc6 3. Bb5 a6 4. Ba4 Nf6 5. O-O Be7 6. Re1 b5
7. Bb3 d6 8. c3 O-O 9. h3 Nb8 10. d4 Nbd7 11. Nbd2 Bb7 12. Bc2
Re8 13. Nf1 Bf8 14. Ng3 g6 15. a4 c5 16. d5 c4 17. Bg5 Nc5
18. Qd2 Be7 19. Bh6 Nfd7 20. a5 Bc8 21. Ra3 Nb7 22. Rea1 Ndc5
23. Nh2 Bd7 24. Be3 Bh4 25. Nf3 Bf6 26. Ne2 Qc8 27. Kh2 Bg7
28. g4 Na4 29. Bxa4 bxa4 30. Ng3 Nxa5 31. Rg1 Nb3 32. Qe2 Rb8
33. Nh4 Kh8 34. Qf3 Qd8 35. Qxf7 Rf8 36. Nxg6+ hxg6 37. Qxg6
Be8 38. Qe6 Rf6 0-1

[Event "Qatar Masters"]
[Site "Doha QAT"]
[Date "2014.11.28"]
[EventDate "2014.11.26"]
[Round "3.1"]
[Result "1-0"]
[White "Anish Giri"]
[Black "Ivan Ivanisevic"]
[WhiteElo "2776"]
[BlackElo "2643"]
[PlyCount "71"]

1. Nf3 c5 2. e4 d6 3. d4 Nf6 4. Nc3 cxd4 5. Nxd4 g6 6. Be3 a6
7. f3 b5 8. Qd2 Bb7 9. g4 h6 10. O-O-O Nbd7 11. a3 Rc8 12. h4
Qa5 13. Nb3 Qc7 14. Qf2 e6 15. Kb1 Qb8 16. Bh3 Rxc3 17. bxc3
Qc7 18. g5 Nh5 19. Bg4 hxg5 20. hxg5 Be7 21. Bd4 Rg8 22. Bxh5
gxh5 23. Rxh5 e5 24. Be3 Qxc3 25. Bd2 Qc7 26. Ba5 Qb8 27. Bb4
Bc8 28. Rh6 Qb6 29. Qh2 Rg6 30. Rxg6 fxg6 31. Qd2 Nc5 32. Nxc5
dxc5 33. Ba5 Qe6 34. Bd8 Bf8 35. Bf6 Bd7 36. Qa5 1-0

[Event "Qatar Masters"]
[Site "Doha QAT"]
[Date "2014.11.29"]
[EventDate "2014.11.26"]
[Round "4.1"]
[Result "1-0"]
[White "Anish Giri"]
[Black "Mikhailo Oleksienko"]
[WhiteElo "2776"]
[BlackElo "2620"]
[PlyCount "35"]

1. e4 c6 2. d4 d5 3. e5 Bf5 4. h4 c5 5. dxc5 Nc6 6. Bb5 Qc7
7. Ne2 Qxe5 8. Bf4 Qxb2 9. Nbc3 Nf6 10. O-O Qb4 11. Rb1 Qxc5
12. Ba4 e5 13. Bxe5 Ng4 14. Bg3 O-O-O 15. Bxc6 Qxc6 16. Nb5
Bc5 17. Ned4 Qf6 18. Qf3 1-0

[Event "Qatar Masters"]
[Site "Doha QAT"]
[Date "2014.12.01"]
[EventDate "2014.11.26"]
[Round "6.1"]
[Result "1-0"]
[White "Anish Giri"]
[Black "Nils Grandelius"]
[WhiteElo "2776"]
[BlackElo "2573"]
[PlyCount "147"]

1. Nf3 Nf6 2. g3 g6 3. Bg2 Bg7 4. c4 d5 5. d4 dxc4 6. Na3 c3
7. bxc3 O-O 8. O-O c5 9. Re1 Nc6 10. Bb2 Nd5 11. e4 Nb6
12. Rb1 cxd4 13. cxd4 Bg4 14. d5 Bxb2 15. Rxb2 Ne5 16. Qb3
Bxf3 17. Bxf3 Nxf3+ 18. Qxf3 Rc8 19. h4 Qd6 20. Kg2 Qe5
21. Qe2 f5 22. exf5 Qxd5+ 23. Qe4 Rxf5 24. Qxd5+ Nxd5 25. Rxb7
a6 26. Rb2 Kf7 27. Nb1 Rf6 28. Re5 Rf5 29. Re4 Nf6 30. Ree2
Rcc5 31. Nd2 Rfe5 32. Rxe5 Rxe5 33. Nf3 Ra5 34. Re2 Kf8
35. Nd4 Ra4 36. Nc6 Re4 37. Rb2 Nd5 38. Rd2 Re6 39. Rc2 Nf6
40. a4 h6 41. a5 Kg7 42. Kf1 g5 43. hxg5 hxg5 44. Nb4 Re5
45. Ra2 Re6 46. Re2 Ne4 47. g4 Kf7 48. Nd3 Kf6 49. Rc2 Rd6
50. Ke2 Rd5 51. Rc6+ Kf7 52. Ke3 Nf6 53. Rxa6 Nxg4+ 54. Ke4
Rd8 55. f3 Nf6+ 56. Ke3 Nd5+ 57. Kf2 e6 58. Rc6 Rb8 59. Ne5+
Ke7 60. Rc2 Rb5 61. a6 Nb4 62. a7 Ra5 63. Rb2 Kf6 64. Ng4+ Kf5
65. Ne3+ Kf6 66. Rxb4 Rxa7 67. Rb5 Ra4 68. Kg3 Ra6 69. Ng4+
Kg6 70. Nf2 Rd6 71. Kg4 Rd2 72. Rxg5+ Kh6 73. Rh5+ Kg6 74. Rh2
1-0

[Event "Qatar Masters"]
[Site "Doha QAT"]
[Date "2014.12.04"]
[EventDate "2014.11.26"]
[Round "9.2"]
[Result "0-1"]
[White "Vladimir Akopian"]
[Black "Anish Giri"]
[WhiteElo "2657"]
[BlackElo "2776"]
[PlyCount "106"]

1. e4 c5 2. Nf3 e6 3. d4 cxd4 4. Nxd4 Nc6 5. Nc3 Qc7 6. Be3 a6
7. Qd2 Nf6 8. O-O-O Bb4 9. f3 Ne5 10. Nb3 b5 11. Kb1 Be7
12. Qf2 Bb7 13. Bb6 Qb8 14. Bd4 d6 15. g4 b4 16. Na4 Nxf3
17. Qxf3 Bxe4 18. Qh3 Bxh1 19. g5 Ne4 20. g6 f6 21. Qxe6 Ng5
22. Qe3 hxg6 23. Nb6 Ra7 24. Bd3 Rxh2 25. Bxg6+ Kf8 26. Nc5
Bc6 27. Ne6+ Nxe6 28. Qxe6 Be8 29. Bd3 Rc7 30. Re1 Qd8 31. Nd5
Bf7 32. Qe4 Rd7 33. Nf4 d5 34. Ng6+ Bxg6 35. Qxg6 Rh6 36. Qg2
Bd6 37. Rg1 Rh4 38. Qxd5 Be7 39. Qg2 Rdxd4 40. Qxg7+ Ke8
41. Qg6+ Kd7 42. Qf5+ Kc7 43. Qa5+ Kb8 44. Qxa6 Rd6 45. Qa4
Qb6 46. Re1 Rg4 47. b3 Rg1 48. Bf1 Rd8 49. a3 Bf8 50. Ka2 Qc5
51. axb4 Qxb4 52. Qa6 Rg5 53. Kb2 Ra5 0-1

[Event "London Chess Classic (Blitz)"]
[Site "London ENG"]
[Date "2014.12.08"]
[EventDate "2014.12.08"]
[Round "1"]
[Result "1-0"]
[White "Anish Giri"]
[Black "Viswanathan Anand"]
[WhiteElo "2768"]
[BlackElo "2793"]
[PlyCount "97"]

1. e4 e5 2. Nf3 Nc6 3. Bc4 Bc5 4. d3 Nf6 5. Nc3 d6 6. Na4 Bb6
7. c3 h6 8. h3 Be6 9. Bxe6 fxe6 10. O-O O-O 11. b4 Ne7 12. Nb2
c6 13. a4 Ng6 14. a5 Bc7 15. Re1 Rf7 16. Nc4 Qd7 17. Ncd2 Nf4
18. Nf1 Nh7 19. Bxf4 Rxf4 20. d4 exd4 21. cxd4 Raf8 22. N1h2
d5 23. e5 a6 24. g3 R4f5 25. h4 Bb8 26. Ra3 Ba7 27. Rd3 Qf7
28. Kg2 Qg6 29. Rde3 R8f7 30. Rf1 Nf8 31. Ng1 Rf4 32. h5 Qg5
33. Ngf3 Rxf3 34. Rxf3 Qxh5 35. Rxf7 Qxf7 36. Qd3 Ng6 37. Nf3
Ne7 38. Rh1 Nf5 39. g4 Ne7 40. g5 Ng6 41. Qe3 h5 42. Kf1 Ne7
43. Nh4 g6 44. Rh3 Nf5 45. Nxf5 Qxf5 46. Rf3 Qg4 47. Qf4 Qxf4
48. Rxf4 Kg7 49. Ke2 1-0

[Event "London Chess Classic (Blitz)"]
[Site "London ENG"]
[Date "2014.12.08"]
[EventDate "2014.12.08"]
[Round "2"]
[Result "0-1"]
[White "Viswanathan Anand"]
[Black "Anish Giri"]
[WhiteElo "2793"]
[BlackElo "2768"]
[PlyCount "72"]

1. e4 c5 2. Nf3 e6 3. g3 Nc6 4. Bg2 Nf6 5. d3 e5 6. O-O Be7
7. Nc3 d6 8. h3 O-O 9. Nh4 Nd4 10. Ne2 Ne8 11. Nxd4 cxd4
12. Nf5 Bg5 13. f4 Bxf5 14. exf5 exf4 15. Bxf4 Bxf4 16. Rxf4
Qb6 17. a4 Nf6 18. a5 Qc5 19. Bxb7 Rab8 20. a6 Rfe8 21. Ra4
Re3 22. Rf3 Rbe8 23. Rxe3 dxe3 24. Qe2 Qxf5 25. Kg2 h5 26. Rf4
Qe6 27. c4 g5 28. Rf1 Qe5 29. b4 h4 30. gxh4 gxh4 31. Qf3 Qg5+
32. Kh1 e2 33. Re1 Re3 34. Qg2 Rg3 35. Qh2 Nh5 36. b5 Nf4 0-1

[Event "London Chess Classic (Blitz)"]
[Site "London ENG"]
[Date "2014.12.08"]
[EventDate "2014.12.08"]
[Round "4"]
[Result "0-1"]
[White "Vladimir Kramnik"]
[Black "Anish Giri"]
[WhiteElo "2769"]
[BlackElo "2768"]
[PlyCount "88"]

1. Nf3 Nf6 2. g3 g6 3. b3 Bg7 4. Bb2 c5 5. c4 b6 6. Bg2 Bb7
7. O-O O-O 8. e3 d6 9. Nc3 Ne4 10. d4 Nxc3 11. Bxc3 Be4
12. Rc1 cxd4 13. Nxd4 Bxg2 14. Kxg2 a6 15. Qf3 Ra7 16. Rfd1
Qc8 17. a4 Rc7 18. Ne2 Nd7 19. Bxg7 Kxg7 20. Nc3 Nf6 21. Rd4
Rc5 22. Rcd1 Rf5 23. Qe2 h5 24. h3 Rc5 25. f4 Re8 26. Qf3 b5
27. axb5 axb5 28. Nxb5 d5 29. Nc3 dxc4 30. b4 Rc7 31. b5 e5
32. Rd6 exf4 33. Qxf4 Qb7+ 34. Kf2 Ne4+ 35. Nxe4 Qxe4 36. Qxe4
Rxe4 37. b6 Rb7 38. Ke2 Rbe7 39. Rb1 Rxe3+ 40. Kd2 Rxg3 41. b7
c3+ 42. Kc1 Rg2 43. Rd1 Ree2 44. Re1 Rxe1+ 0-1

[Event "London Chess Classic (Blitz)"]
[Site "London ENG"]
[Date "2014.12.08"]
[EventDate "2014.12.08"]
[Round "5"]
[Result "0-1"]
[White "Fabiano Caruana"]
[Black "Anish Giri"]
[WhiteElo "2829"]
[BlackElo "2768"]
[PlyCount "108"]

1. d4 Nf6 2. c4 g6 3. Bg5 Bg7 4. Nc3 c5 5. d5 d6 6. e3 Bf5
7. Bd3 Bxd3 8. Qxd3 Nbd7 9. Nf3 h6 10. Bh4 a6 11. O-O O-O
12. a4 g5 13. Bg3 Nh5 14. Nd2 f5 15. f4 Nxg3 16. hxg3 Qe8
17. Rf3 Qg6 18. Raf1 h5 19. Qc2 g4 20. R3f2 Qh7 21. Re1 h4
22. Nf1 Bxc3 23. bxc3 Nf6 24. gxh4 Ne4 25. g3 Qg7 26. Rb1 b5
27. axb5 axb5 28. cxb5 Nxc3 29. Rb2 Na4 30. Ra2 Qc3 31. Qd1
Qc4 32. Qa1 Qxb5 33. e4 c4 34. exf5 c3 35. Qd1 Kf7 36. Qxg4
Ke8 37. Rae2 Ra7 38. Qg6+ Kd8 39. Qg7 Qe8 40. Qd4 Ra6 41. Ne3
Qb5 42. Qg7 Re8 43. f6 exf6 44. Qxf6+ Kc7 45. Qg7+ Kc8 46. Nf5
Rxe2 47. Ne7+ Kb8 48. Nc6+ Rxc6 49. dxc6 Qb1+ 50. Kg2 Rxf2+
51. Kxf2 Qb6+ 52. Ke2 Qxc6 53. Qg8+ Ka7 54. Qf7+ Ka6 0-1